| 000 | 00538nam a2200157 a 4500 | ||
|---|---|---|---|
| 008 | 120416s1982 ||||||||||||||||| || u | ||
| 020 | _a0297781162 | ||
| 050 | _aNA 7562 Eva | ||
| 100 | _aEvans, Tony | ||
| 245 | 1 | 0 | _aEnglish cottages |
| 260 |
_aLondon: _bWeidenfeid and Nicolson _c1982 |
||
| 300 | _a160p. : ill. | ||
| 350 | _a0.00 | ||
| 650 | _aCOTTAGES--ENGLAND--GUIDEBOOKS | ||
| 995 |
_D0.00 _FCBU-MAIN LIBRARY (Kitwe) _H1 _I10.95 _M1 _UAVAILABLE _ZMain Library Open Access Collection |
||
| 999 |
_c42018 _d42018 |
||